书目信息 |
| 题名: |
問學録 三魚堂賸言
|
|
| 作者: | 陆陇其, 撰 ;秦跃宇 点校 | |
| 分册: | ||
| 出版信息: | 济南 山东人民出版社 2018 |
|
| 页数: | 22, 180页 | |
| 开本: | 21cm | |
| 丛书名: | 子海精華編 | |
| 单 册: | ||
| 中图分类: | B244.75 , B249.9 | |
| 科图分类: | ||
| 主题词: | 哲学--中国--清代 | |
| 电子资源: | ||
| ISBN: | 978-7-209-11535-3 | |
| 000 | 01342nam 2200325 450 | |
| 001 | 2372216469 | |
| 005 | 20231216200353.89 | |
| 010 | @a978-7-209-11535-3@dCNY42.00 | |
| 100 | @a20210830d2018 em y0chiy50 ea | |
| 101 | 0 | @achi |
| 102 | @aCN@b370000 | |
| 105 | @ay a 000yy | |
| 200 | 1 | @a問學録 三魚堂賸言@Awen xue lu san yu tang sheng yan@f(清) 陸隴其撰@g秦躍宇點校 |
| 210 | @a济南@c山东人民出版社@d2018 | |
| 215 | @a22, 180页@d21cm | |
| 225 | 2 | @a子海精華編@Azi hai jing hua bian |
| 300 | @a國家社科基金重大委托項目“《子海》整理與研究”成果 山東省社科規劃重大委托項目成果 | |
| 320 | @a有书目 | |
| 330 | @a《问学录》与《三鱼堂剩言》均为清代著名理学家陆陇其所撰。《问学录》四卷成书于康熙十一年, 为陆陇其中年之作, 是其学术倾向趋于明晰的代表之作, 该书采理学诸家之说, 而参配以已意, 见解尤深, 是研究陆氏思想不可或缺的一环。《三鱼堂剩言》考论皆有根据, 尤其对名物训诂典章度数, 皆一一精研探索。书中辨别朱陆异同亦有所据, 故能使人自领, 未失平和之气。 | |
| 410 | 0 | @12001 @a子海精華編 |
| 518 | 1 | @a问学录 三鱼堂剩言 |
| 606 | 0 | @a哲学@y中国@z清代 |
| 690 | @aB244.75@v5 | |
| 690 | @aB249.9@v5 | |
| 701 | 0 | @a陆陇其,@Alu long qi@f1630-1693@4撰 |
| 702 | 0 | @a秦跃宇@Aqin yue yu@4点校 |
| 730 | 1 | @a陸隴其@Alu long qi@4撰 |
| 730 | 1 | @a秦躍宇@Aqin yue yu@4點校 |
| 801 | 0 | @aCN@b湖北三新@c20210830 |
| 905 | @aZUCC@dB244.75@e5 | |
| 問學録 三魚堂賸言/(清) 陸隴其撰/秦躍宇點校.-济南:山东人民出版社,2018 |
| 22, 180页;21cm.-(子海精華編) |
| 國家社科基金重大委托項目“《子海》整理與研究”成果 山東省社科規劃重大委托項目成果 |
| ISBN 978-7-209-11535-3:CNY42.00 |
| 《问学录》与《三鱼堂剩言》均为清代著名理学家陆陇其所撰。《问学录》四卷成书于康熙十一年, 为陆陇其中年之作, 是其学术倾向趋于明晰的代表之作, 该书采理学诸家之说, 而参配以已意, 见解尤深, 是研究陆氏思想不可或缺的一环。《三鱼堂剩言》考论皆有根据, 尤其对名物训诂典章度数, 皆一一精研探索。书中辨别朱陆异同亦有所据, 故能使人自领, 未失平和之气。 |
| ● |
| 相关链接 |
|
|
|
正题名:問學録 三魚堂賸言
索取号:B244.75/5
 
预约/预借
| 序号 | 登录号 | 条形码 | 馆藏地/架位号 | 状态 | 备注 |
| 1 | 2001667843 | 2001667843 | 411书库/ [索取号:B244.75/5] | 在馆 | |
| 2 | 2001667844 | 2001667844 | 411书库/ [索取号:B244.75/5] | 在馆 | |
| 3 | 2001667845 | 2001667845 | 411书库/ [索取号:B244.75/5] | 在馆 | |
| 4 | 2001667846 | 2001667846 | 411书库/ [索取号:B244.75/5] | 在馆 | |
| 5 | 2001667847 | 2001667847 | 411书库/ [索取号:B244.75/5] | 在馆 | |
| 6 | 2001667848 | 2001667848 | 411书库/ [索取号:B244.75/5] | 在馆 | |
| 7 | 2001667849 | 2001667849 | 411书库/ [索取号:B244.75/5] | 在馆 | |
| 8 | 2001667850 | 2001667850 | 411书库/ [索取号:B244.75/5] | 在馆 | |
| 9 | 2001667851 | 2001667851 | 411书库/ [索取号:B244.75/5] | 在馆 | |
| 10 | 2001667852 | 2001667852 | 411书库/ [索取号:B244.75/5] | 在馆 | |
| 11 | 2001667853 | 2001667853 | 411书库/ [索取号:B244.75/5] | 在馆 | |
| 12 | 2001667854 | 2001667854 | 411书库/ [索取号:B244.75/5] | 在馆 | |
| 13 | 2001667855 | 2001667855 | 411书库/ [索取号:B244.75/5] | 在馆 | |
| 14 | 2001667856 | 2001667856 | 411书库/ [索取号:B244.75/5] | 在馆 | |
| 15 | 2001667857 | 2001667857 | 411书库/ [索取号:B244.75/5] | 在馆 | |
| 16 | 2001667858 | 2001667858 | 411书库/ [索取号:B244.75/5] | 在馆 | |
| 17 | 2001667859 | 2001667859 | 411书库/ [索取号:B244.75/5] | 在馆 | |
| 18 | 2001667860 | 2001667860 | 411书库/ [索取号:B244.75/5] | 在馆 | |
| 19 | 2001667861 | 2001667861 | 411书库/ [索取号:B244.75/5] | 在馆 | |
| 20 | 2001667862 | 2001667862 | 411书库/ [索取号:B244.75/5] | 在馆 | |
| 21 | 2001667863 | 2001667863 | 411书库/ [索取号:B244.75/5] | 在馆 | |
| 22 | 2001667864 | 2001667864 | 411书库/ [索取号:B244.75/5] | 在馆 | |
| 23 | 2001667865 | 2001667865 | 411书库/ [索取号:B244.75/5] | 在馆 | |
| 24 | 2001667866 | 2001667866 | 411书库/ [索取号:B244.75/5] | 在馆 | |
| 25 | 2001667867 | 2001667867 | 411书库/ [索取号:B244.75/5] | 在馆 | |
| 26 | 2001667868 | 2001667868 | 411书库/ [索取号:B244.75/5] | 在馆 | |
| 27 | 2001667869 | 2001667869 | 411书库/ [索取号:B244.75/5] | 在馆 | |
| 28 | 2001667870 | 2001667870 | 411书库/ [索取号:B244.75/5] | 在馆 | |
| 29 | 2001667871 | 2001667871 | 411书库/ [索取号:B244.75/5] | 在馆 | |
| 30 | 2001667872 | 2001667872 | 411书库/ [索取号:B244.75/5] | 在馆 |